Conference 97: searching for quality

Đã lưu trong:
Chi tiết về thư mục
Nhiều tác giả của công ty: Australian Avocado Grower's Federation Inc (Tác giả), N Z Avocado Growers Association Inc (Tác giả)
Định dạng: Sách
Ngôn ngữ:Tiếng Anh
Được phát hành: Rotorua Australian Avocado Grower's Federation Inc 1997
Rotorua N Z Avocado Growers Association Inc 1997
Những chủ đề:
Các nhãn: Thêm thẻ
Không có thẻ, Là người đầu tiên thẻ bản ghi này!

MARC

LEADER 00000nam a2200000 a 4500
001 UCM7110
003 CL-VaPUC
005 20230621074145.0
008 021129e19970000nz 1 eng d
044 |a nz  |2 marc 
044 |a nz  |2 marc 
082 0 4 |a 634.653  |b AUS  |2 21 
110 2 |a Australian Avocado Grower's Federation Inc  |e author  |9 620207 
710 2 |a N Z Avocado Growers Association Inc  |e author  |9 620208 
245 1 0 |a Conference 97: searching for quality 
260 |a Rotorua  |b Australian Avocado Grower's Federation Inc  |c 1997 
260 |a Rotorua  |b N Z Avocado Growers Association Inc  |c 1997 
300 |a 187 p 
583 |a last modification  |c 20190822 01:27:43  |k Rodrigo Vera 
650 0 0 |a Palta (Aguacate)  |9 403461 
650 0 7 |a PRODUCCION DE PALTAS  |2 CL-VaPUC  |9 620209 
650 0 0 |a Control de calidad   |9 259714 
650 0 0 |a Comercio exterior  |9 257617 
942 |c BK 
945 |a cmena  |d 20021129 00:00:00 
546 |a En Inglés 
536 |a N Z Avocado Growers Association Inc 
518 |p Searching for Quality Conference 97, 1, Rotorua, 23 al 26 de septiembre de 1997 
999 |c 383816  |d 383814